000 00737nab a2200205Ia 4500
003 ES-SlBCS
005 20210601131334.0
008 140529s1991 xxu||||| |||| 00| 0 fre d
041 _afre
100 1 _aBarbier, J.-M.
_9184126
245 0 0 _aTendances d'évolution de la formation des adultes: notes introductives
_c J.-M. Barbier, P. Caspar, Marie-Laure Chaix, J.-L. Ferrand, B. Lietard, C. Thesmar, L. Volery
650 0 4 _aEducación de Adultos
_9128539
700 1 _aCaspar, P
_9184127
700 1 _aChaix, Marie-Laure
_9183946
700 1 _aFerrand, J.-L
_9184128
700 1 _aLietard, B
_9184129
700 1 _aThesmar, C
_9184130
773 0 _tRevue Française de Pedagogie
_gnº. 97, 1991, págs. 75-107
_wRev888
942 _cAR
999 _c561512
_d561512